[Event "Oberliga Nord O9899"]
[Site "GER"]
[Date "1998.??.??"]
[Round "?"]
[White "Kuhne, Detlev"]
[Black "Kesik, Klaus Dieter"]
[Result "0-1"]
[WhiteElo "2180"]
[BlackElo "2265"]

1.Nf3 g6 2.c4 Bg7 3.d4 Nf6 4.Nc3 O-O 5.e4 d6 6.Be2 Nc6 7.O-O e5 8.d5 Ne7
9.b4 Ne8 10.c5 f5 11.a4 f4 12.Ba3 h6 13.Nd2 g5 14.Nc4 Ng6 15.Re1 Rf7 16.b5 Bf8
17.cxd6 cxd6 18.b6 a6 19.Rc1 Nf6 20.a5 g4 21.Bf1 h5 22.Rc2 h4 23.Qc1 g3 24.fxg3 hxg3
25.hxg3 Rh7 26.gxf4 Ng4 27.g3 exf4 28.Bg2 fxg3 29.Rf1 Bh6 30.Qe1 Qh4 31.Rf5 Bxf5
32.exf5 N6e5 33.Nxe5 Qh2+ 34.Kf1 Ne3+ 35.Qxe3 Bxe3  0-1

[Event "NRW-Liga I 9899"]
[Site "GER"]
[Date "1998.??.??"]
[Round "1"]
[White "Jackelen, Thomas"]
[Black "Buenermann, Volker"]
[Result "1-0"]
[WhiteElo "2370"]
[BlackElo "2325"]

1.Nf3 Nf6 2.c4 g6 3.Nc3 Bg7 4.e4 d6 5.d4 O-O 6.Be2 e5 7.O-O Nc6 8.Be3 Ng4
9.Bg5 f6 10.Bc1 exd4 11.Nxd4 Nxd4 12.Qxd4 Be6 13.Qd1 Ne5 14.f4 Nc6 15.f5 Bf7
16.Be3 Ne5 17.b3 c6 18.Qd2 Qe7 19.Rad1 Rfd8 20.Kh1 a6 21.a4 Rd7 22.Rfe1 Re8
23.h3 Qd8 24.Bg4 g5 25.Be2 Bf8 26.a5 Be7 27.Na4 Qb8 28.Nb6 Rdd8 29.b4 Nd7
30.Na4 Ne5 31.Qc3 Rc8 32.Nb6 Rc7 33.Rd2 Rd8 34.Red1 h6 35.Bf2 d5 36.exd5 cxd5
37.c5 Kg7 38.Bg3 Rc6 39.Nxd5 Bxd5 40.Rxd5  1-0

[Event "Oberliga Nord W9798"]
[Site "Germany"]
[Date "1998.??.??"]
[Round "?"]
[White "Juhnke, Karl"]
[Black "Sawatzki, Frank"]
[Result "1/2-1/2"]
[WhiteElo "2295"]
[BlackElo "2280"]

1.d4 Nf6 2.c4 g6 3.Nc3 Bg7 4.e4 d6 5.Be2 O-O 6.Nf3 e5 7.O-O Nc6 8.d5 Ne7
9.b4 Nh5 10.Re1 h6 11.c5 f5 12.Nd2 Nf6 13.Bf1 Kh8 14.f3 g5 15.Nc4 f4 16.cxd6 cxd6
17.Nb5 Ne8 18.g4  1/2-1/2

[Event "Oberliga Nord W9798"]
[Site "Germany"]
[Date "1998.??.??"]
[Round "?"]
[White "Broeder, Iris"]
[Black "Karwatt, Lothar"]
[Result "1/2-1/2"]
[WhiteElo "2165"]
[BlackElo "2245"]

1.d4 Nf6 2.c4 g6 3.Nc3 Bg7 4.e4 d6 5.Nf3 O-O 6.Be2 e5 7.O-O Nc6 8.Be3 Re8
9.d5 Nd4 10.Nxd4 exd4 11.Bxd4 Nxe4 12.Bxg7 Kxg7 13.Rc1 Qf6 14.Nb5 Re7 15.b4 a6
16.Nd4 h5 17.Rc2 Bd7 18.Qa1 Ba4 19.Nb3 Qxa1 20.Rxa1 Rae8 21.Bf1 g5 22.f3 Nf6
23.Rac1 Re3 24.Rc3 Bxb3 25.axb3 R3e5 26.Rd1 R8e7 27.Rcd3 Nd7 28.Kf2 f5 29.h4 f4
30.hxg5 Rxg5 31.Rd4 Rf7 32.Re1 Re5 33.Ree4 Rxe4 34.Rxe4 Ne5 35.c5 Kg6 36.b5 axb5
37.Bxb5 Kf5 38.b4 Rf8 39.Be2 Ra8 40.Rd4 Ra4 41.cxd6 cxd6 42.g3 fxg3+ 43.Kxg3 Ra2
44.Bd1 Ng6 45.Rc4 h4+ 46.Kh3 Kg5 47.Rg4+ Kf5 48.Bb3 Rf2 49.Bd1 Rd2 50.Ba4 Nf4+
51.Kxh4 Rh2+ 52.Kg3  1/2-1/2

[Event "BL2-S9798"]
[Site "Germany"]
[Date "1998.??.??"]
[Round "?.6"]
[White "Lentrodt, Thomas"]
[Black "Doerflinger, Josef"]
[Result "1-0"]
[WhiteElo "2280"]
[BlackElo "2230"]

1.d4 Nf6 2.c4 g6 3.Nc3 Bg7 4.e4 d6 5.Nf3 O-O 6.Be2 e5 7.O-O Nc6 8.d5 Ne7
9.Ne1 Ne8 10.Nd3 f5 11.f3 f4 12.g4 h5 13.h3 c6 14.Bd2 Kh8 15.Be1 Ng8 16.Kg2 Bf6
17.Bf2 c5 18.b4 b6 19.a4 Rf7 20.a5 Rb8 21.axb6 axb6 22.bxc5 bxc5 23.Nb5 Bh4
24.Bxh4 Qxh4 25.Qe1 Qf6 26.Qf2 Rh7 27.Nc1 Nh6 28.Nb3 hxg4 29.hxg4 Qg5 30.Rh1 Bxg4
31.fxg4 Nxg4 32.Rxh7+ Kxh7 33.Bxg4 Qxg4+ 34.Kh1 Kg7 35.Qg2 Qh5+ 36.Kg1 Nf6
37.Ra7+ Kg8 38.Nd2 Ng4 39.Qh1 Qxh1+ 40.Kxh1 Ne3 41.Ra6 g5 42.Rxd6 g4 43.Rd7 g3
44.d6 Rf8 45.Nf3 Nxc4 46.Rc7 Nxd6 47.Nxd6 Ra8 48.Rc8+ Rxc8 49.Nxc8 c4 50.Ne7+ Kf7
51.Nd5 Ke6 52.Kg2 Kd6 53.Kf1 Kc5 54.Ke2 c3 55.Kd3 c2 56.Kxc2 Kc4 57.Nb6+  1-0

[Event "Oberliga Nord O9798"]
[Site "Germany"]
[Date "1998.??.??"]
[Round "?"]
[White "Kleeschaetzky, Ralf"]
[Black "Melkumjanc, Nikolaj"]
[Result "0-1"]
[WhiteElo "2265"]
[BlackElo "2270"]

1.Nf3 Nf6 2.c4 g6 3.Nc3 Bg7 4.e4 d6 5.d4 O-O 6.Be2 e5 7.O-O Nc6 8.d5 Ne7
9.Ne1 Nd7 10.Be3 f5 11.f3 f4 12.Bf2 h5 13.Rc1 Rf7 14.c5 a6 15.Na4 b5 16.cxb6 cxb6
17.Rc6 b5 18.Rxd6 bxa4 19.Qxa4 Qc7 20.Qa3 Bf8 21.Re6 Nxd5 22.Qb3 N5f6 23.Bc4 Kg7
24.Nd3 Nc5 25.Nxc5 Bxc5 26.Rxe5 Qxe5 27.Bxf7 Rb8 28.Qc4 Bxf2+ 29.Rxf2 Bd7
30.Bd5 Bb5 31.Qc3 Qxc3 32.bxc3 Nxd5 33.exd5 Bc4 34.h4 Bxd5 35.Rd2 Rb1+ 36.Kh2 Rb5
37.Rd4 Rc5 38.Rxf4 Bxa2 39.Ra4 Bc4 40.Kg3 Bb5 41.Ra3 Rc4 42.Kh3 Kf6 43.g4 Ke5
44.Kg3 Ra4 45.Rb3 Kd5 46.gxh5 gxh5 47.Rb1 Rc4 48.Rd1+ Ke6 49.Re1+ Kf6 50.Rd1 Ke6
51.Re1+ Kd6 52.Re3 a5 53.f4 Rc5 54.Kf3 a4 55.Ke4 a3  0-1

[Event "Oberliga Nord O9798"]
[Site "Germany"]
[Date "1998.??.??"]
[Round "?"]
[White "Kleeschaetzky, Ralf"]
[Black "Urban, Hans Rainer"]
[Result "1/2-1/2"]
[WhiteElo "2265"]
[BlackElo "2155"]

1.Nf3 Nf6 2.c4 g6 3.Nc3 Bg7 4.e4 d6 5.d4 O-O 6.Be2 e5 7.O-O Nc6 8.d5 Ne7
9.Ne1 Nd7 10.Be3 f5 11.f3 Nf6 12.c5 Nh5 13.cxd6 cxd6 14.Rc1 Bd7 15.Qb3 Nf4
16.Qxb7 Bh6 17.Bxf4 Bxf4 18.Rc2 Be3+ 19.Kh1 Rb8 20.Qa6 Rf6 21.Qd3 f4 22.Qd1 g5
23.a4 Rh6 24.Bb5 Bc8 25.Qe2 Bd4 26.Nd1 Ng6 27.Nf2 g4 28.fxg4 Rxh2+ 29.Kxh2 Qh4+
30.Nh3 Bxg4 31.Rf3 Qh6 32.Rc4 a6 33.Rxd4 exd4 34.Bxa6 Ne5 35.Qd2 Nxf3+ 36.Nxf3 Bxf3
37.gxf3 Rb3 38.Qg2+ Kf8 39.Bc4 Re3 40.Qg4 d3 41.Qc8+ Ke7 42.Qc7+ Kf8 43.Qd8+ Kf7
44.Qd7+ Kf8 45.Qd8+ Kf7  1/2-1/2

[Event "BL2-O9798"]
[Site "Germany"]
[Date "1998.??.??"]
[Round "5.4"]
[White "Naumann, Alexander"]
[Black "Timpel, Klaus"]
[Result "1-0"]
[WhiteElo "2385"]
[BlackElo "2295"]

1.d4 g6 2.c4 Bg7 3.Nf3 d6 4.Nc3 Nf6 5.e4 O-O 6.Be2 e5 7.O-O Nc6 8.d5 Ne7
9.b4 a5 10.bxa5 Nh5 11.Re1 Nf4 12.Bf1 Kh8 13.Ba3 Rxa5 14.Bb4 Ra8 15.c5 f5
16.cxd6 cxd6 17.Nd2 Ng8 18.g3 Nh5 19.exf5 Nh6 20.Nde4 Nxf5 21.Nb5 Ra6 22.Qc1 Nf6
23.Nbc3 Ra8 24.Nxf6 Bxf6 25.Ne4 Be7 26.Bc3 Qb6 27.Qb2 Qxb2 28.Bxb2 Nd4 29.Bxd4 exd4
30.Bc4 Bg4 31.Rab1 Ra7 32.Rb6 Rc8 33.Be2 Bf5 34.Bf3 Rxa2 35.Rxb7 Bxe4 36.Rxe4 Bf6
37.Re6 Rf8 38.Rxd6 d3 39.Rdd7 h5 40.d6 Ra5 41.Rf7 Rxf7 42.Rxf7 Ra1+ 43.Kg2 d2
44.Rxf6 Kg7 45.Re6 d1=Q 46.Bxd1 Rxd1 47.Re7+ Kf6 48.Rd7 Rd5 49.h4 g5 50.hxg5+ Kxg5
51.Rd8 Kf6 52.Kh3 Rd1 53.d7 Kg7 54.Kh4 Kg6 55.Rg8+ Kh6 56.Rh8+ Kg6 57.Rxh5 Rxd7
58.Ra5 Rd4+ 59.f4 Kf6 60.Kg4 Rd6 61.Rh5 Rd3 62.Rh6+ Kg7 63.Ra6 Rd7 64.Kg5 Rb7
65.f5 Rc7 66.g4 Rb7 67.Ra5 Kf7 68.Re5 Rb6 69.f6  1-0

[Event "NRW-Liga 9798"]
[Site "Germany"]
[Date "1998.??.??"]
[Round "6"]
[White "Wisskirchen, Andreas"]
[Black "Koscielski, Janusch"]
[Result "1/2-1/2"]
[WhiteElo "2300"]
[BlackElo "2235"]

1.d4 Nf6 2.c4 g6 3.Nc3 Bg7 4.e4 d6 5.Be2 O-O 6.Nf3 e5 7.O-O Nc6 8.Be3 Re8
9.dxe5 dxe5 10.Qxd8 Nxd8 11.Nb5 Ne6 12.Ng5 Re7 13.Rfd1 c6 14.Nxe6 Bxe6 15.Nd6 Rd7
16.Bg5 h6 17.Bh4 Ne8 18.Nxe8 Rxe8 19.Rxd7 Bxd7 20.Rd1  1/2-1/2

[Event "BL2-N9798"]
[Site "Germany"]
[Date "1998.??.??"]
[Round "8.3"]
[White "Lipinsky, Fabian"]
[Black "Trisic, Alexandar"]
[Result "1-0"]
[WhiteElo "2410"]
[BlackElo "2330"]

1.d4 Nf6 2.c4 g6 3.Nc3 Bg7 4.e4 d6 5.Nf3 O-O 6.Be2 e5 7.O-O Nc6 8.d5 Ne7
9.b4 a5 10.Ba3 axb4 11.Bxb4 Nd7 12.a4 Bh6 13.a5 f5 14.Bd3 Kh8 15.Qb3 Ng8
16.Qc2 Ndf6 17.Nd2 Bf4 18.Rfe1 fxe4 19.Ncxe4 Nh6 20.Ra3 Nf5 21.Nf3 Bh6 22.Nxf6 Qxf6
23.c5 Ne7 24.Be4 Bf5 25.Rd3 dxc5 26.Bc3 Bg7 27.Bxe5 Qf7 28.Qxc5 Bxe4 29.Rxe4 Bxe5
30.Rxe5 Nf5 31.Re6 b6 32.Qc3+ Qg7 33.Ne5 Rxa5 34.Rh3 Rc5 35.Qb2 Kg8 36.g4 Nd6
37.Qd4 Ra8 38.Rf3 Rc1+ 39.Kg2 Raa1 40.Qf4 Rg1+ 41.Kh3 Ra8 42.Nc6 g5 43.Qe5 h5
44.Qxg7+ Kxg7 45.Re7+ Kg8 46.Rg3 Ra3 47.Ree3 Rxe3 48.fxe3 Rxg3+ 49.hxg3 hxg4+
50.Kxg4 Ne4 51.Kf5 Nxg3+ 52.Kxg5 Kf7 53.Kf4 Ne2+ 54.Ke5 Nc3 55.e4 Nb5 56.Kf5 Nc3
57.Nb4 Ke7 58.e5 Nb5 59.Nc6+ Kd7 60.Kf6 Nc3 61.Nb4 Ne4+ 62.Kf7 Ng5+ 63.Kg7 Ne4
64.Kg6 Ke7 65.Nc6+ Ke8 66.Kf5 Nc5 67.Nd4 Kd7 68.Nb5 Nd3 69.e6+ Ke8 70.Kf6  1-0

[Event "Perenyi mem 2nd"]
[Site "Gyula"]
[Date "1998.??.??"]
[Round "2"]
[White "Lauber, Arnd"]
[Black "Zimmerman, Yuri"]
[Result "1-0"]
[WhiteElo "2370"]
[BlackElo "2340"]

1.d4 Nf6 2.c4 g6 3.Nc3 Bg7 4.e4 d6 5.Nf3 O-O 6.Be2 e5 7.O-O Nc6 8.d5 Ne7
9.b4 Nh5 10.Re1 Nf4 11.Bf1 a5 12.bxa5 Bg4 13.h3 Bxf3 14.Qxf3 f5 15.Rb1 fxe4
16.Qxe4 Qc8 17.c5 Rxa5 18.cxd6 cxd6 19.Qb4 b6 20.Bxf4 Rxf4 21.Qxd6 Rf7 22.Qb4 Bf8
23.d6 Nf5 24.Bc4 Nxd6 25.Bxf7+ Nxf7 26.Qb2 Bc5 27.Ne4 Bd4 28.Qb3 Qd8 29.Rbc1 Kg7
30.Qe6 Ra7 31.Rc8 Qd7 32.Qf6+ Kh6 33.Rg8  1-0

[Event "Haarlem AKN op"]
[Site "Haarlem"]
[Date "1998.??.??"]
[Round "2"]
[White "Gurevich, Mikhail"]
[Black "Maes, Wim"]
[Result "1-0"]
[WhiteElo "2635"]
[BlackElo "2225"]

1.d4 Nf6 2.c4 g6 3.Nc3 Bg7 4.e4 d6 5.Nf3 O-O 6.Be2 e5 7.O-O Nc6 8.d5 Ne7
9.Nd2 c6 10.a3 a5 11.b3 Ne8 12.Ra2 c5 13.b4 axb4 14.axb4 Rxa2 15.Nxa2 b6
16.Nc3 f5 17.f3 Bh6 18.Nb3 Bxc1 19.Qxc1 f4 20.Qa3 Bd7 21.bxc5 bxc5 22.Qa5 Nf6
23.Qxd8 Rxd8 24.Ra1 g5 25.Ra6 Ne8 26.Ra7 Nc8 27.Rb7 Nf6 28.Na5 h5 29.Nc6 Rf8
30.Bd1 g4 31.Ba4 gxf3 32.gxf3 Bh3 33.Kf2 Kh8 34.Rb1 Rg8 35.Rg1 Rxg1 36.Kxg1 Bd7
37.Bb5 Kg7 38.Kg2 Kf8 39.Na5 Ke7 40.Bc6 Nh7 41.Nd1 Ng5 42.Nf2 Nb6 43.Bxd7 Kxd7
44.Nh3 Nf7 45.Kf1 Kc7 46.Ke2 Kd7 47.Kd3 Kc7 48.Kc2 Kd7 49.Kc3 Kd8 50.Kb3 Kc7
51.Nc6 Kd7 52.Na7 Kc7 53.Nb5+ Kd7 54.Na3 Ke7 55.Nb5 Kd7 56.Nc3 Ke7 57.Na4 Nc8
58.Kc3 Kd7 59.Nb2 Nb6 60.Nd3 Ke7 61.Kb3 Kd7 62.Ne1 Nd8 63.Kc3 Ke7  1-0

[Event "Capablanca mem Masters I"]
[Site "Havana"]
[Date "1998.??.??"]
[Round "7"]
[White "Clavijo, Jorge Mario"]
[Black "Dominguez Perez, Lenier"]
[Result "0-1"]
[WhiteElo "2365"]
[BlackElo "2215"]

1.d4 Nf6 2.c4 g6 3.Nc3 Bg7 4.e4 d6 5.Be2 O-O 6.Nf3 e5 7.O-O Nc6 8.d5 Ne7
9.Ne1 Nd7 10.Nd3 f5 11.Bd2 Nf6 12.f3 f4 13.c5 g5 14.Rc1 Ng6 15.Nb5 Rf7 16.a4 g4
17.Ba5 b6 18.cxd6 bxa5 19.dxc7 Qf8 20.Qe1 g3 21.Qxa5 gxh2+ 22.Kxh2 Nh5 23.Qb4 Ng3
24.Rfe1 Ne7 25.Nd6 Rf6 26.Nxc8 Rh6+ 27.Kg1 Rxc8 28.d6 Qf6 29.dxe7 Rh1+ 30.Kf2 Nxe4+  0-1

[Event "Helsinki op2"]
[Site "Helsinki"]
[Date "1998.??.??"]
[Round "3"]
[White "Norri, Joose"]
[Black "Hartikainen, Markku"]
[Result "1-0"]
[WhiteElo "2405"]
[BlackElo "2260"]

1.d4 Nf6 2.c4 g6 3.Nc3 Bg7 4.e4 O-O 5.Be2 d6 6.Nf3 e5 7.O-O Nc6 8.d5 Ne7
9.b4 Nh5 10.g3 f5 11.Ng5 Nf6 12.f3 c6 13.Be3 Kh8 14.Qd2 Neg8 15.Rad1 Ne8
16.exf5 gxf5 17.f4 h6 18.Nf3 cxd5 19.Nxd5 Kh7 20.c5 exf4 21.Bxf4 dxc5 22.bxc5 Be6
23.Bc4 Ngf6 24.Nxf6+ Qxf6 25.Be5 Qf7 26.Bxe6 Qxe6 27.Qf4 Qe7 28.Bxg7 Nxg7
29.Rd6 Rf6 30.Re1 Qf8 31.Red1 Re8 32.Qh4 Kg6 33.Qd4 Ree6 34.Ne5+ Kh7 35.Nd7  1-0

[Event "Helsinki-ch"]
[Site "Helsinki"]
[Date "1998.??.??"]
[Round "4"]
[White "Norri, Joose"]
[Black "Agopov, Mikael"]
[Result "1/2-1/2"]
[WhiteElo "2405"]
[BlackElo "2330"]

1.d4 Nf6 2.c4 g6 3.Nc3 Bg7 4.e4 d6 5.Be2 O-O 6.Nf3 e5 7.O-O Nc6 8.d5 Ne7
9.b4 a5 10.Ba3 Nd7 11.bxa5 Rxa5 12.Bb4 Ra8 13.a4 b6 14.a5 Nc5 15.axb6 Rxa1
16.Qxa1 cxb6 17.Qa7 f5 18.Bxc5 bxc5 19.Rb1 fxe4 20.Nxe4 Bf5 21.Rb7 Bxe4 22.Rxe7 Bf6
23.Rxh7 Qb8 24.Nd2 Bc2 25.Bg4 Qxa7 26.Rxa7 Rb8 27.g3 Bd3 28.h4 e4 29.h5 gxh5
30.Bf5 e3 31.Be6+ Kh8 32.fxe3 Bg5 33.Ra3 Bxe3+ 34.Kg2 Rb2 35.Rxd3 Rxd2+ 36.Rxd2 Bxd2
37.Bf7 Kg7 38.Bxh5 Kf6  1/2-1/2

[Event "Helsinki op3"]
[Site "Helsinki"]
[Date "1998.??.??"]
[Round "5"]
[White "Eriksson, Johan"]
[Black "Laakso, Harri"]
[Result "1/2-1/2"]
[WhiteElo "2380"]
[BlackElo "2185"]

1.d4 Nf6 2.c4 g6 3.Nc3 Bg7 4.e4 d6 5.Nf3 O-O 6.Be2 e5 7.O-O Nc6 8.d5 Ne7
9.Ne1 Nd7 10.Nd3 f5 11.f3 Nf6 12.Bd2 h5 13.exf5 gxf5 14.f4 e4 15.Ne1 h4 16.Nc2 c6
17.Be3 Bd7 18.h3 Be8 19.Qe1 cxd5 20.Qxh4 dxc4 21.Bxc4+ d5 22.Bb3 Bf7 23.Rad1 a6
24.g4 Rc8 25.Nd4 Qd7 26.Rd2 fxg4 27.f5 Bh5 28.Ne6 Rf7 29.Nxg7 Rxg7 30.Qxf6 gxh3+
31.Kf2 Rxc3 32.bxc3 Qc7 33.Qh4 Qxc3 34.Qxh3 Bf3 35.Rc2 Qe5 36.Rg1 Bg4 37.Rxg4 Qxf5+
38.Ke1 Rxg4 39.Rg2 Rxg2 40.Qxg2+ Kf7 41.Qg5 Ke6 42.Qg3 Qh5 43.Bc5 Nf5 44.Qf4 Qh1+
45.Kd2 Qg2+ 46.Kd1 Qh1+ 47.Ke2  1/2-1/2

[Event "Hlohovec op"]
[Site "Hlohovec"]
[Date "1998.??.??"]
[Round "7"]
[White "Koutsin, Sergey"]
[Black "Stets, Dmitry"]
[Result "1/2-1/2"]
[WhiteElo "2400"]
[BlackElo "2420"]

1.d4 Nf6 2.Nf3 g6 3.c4 Bg7 4.Nc3 d6 5.e4 O-O 6.Be2 e5 7.O-O Nc6 8.d5 Ne7
9.Ne1 Nd7 10.Be3 f5 11.f3 f4 12.Bf2 g5 13.a4 a5 14.Nd3  1/2-1/2

[Event "Hlohovec op"]
[Site "Hlohovec"]
[Date "1998.??.??"]
[Round "7"]
[White "Dobrotka, Martin"]
[Black "Pinter, Erik"]
[Result "1-0"]
[WhiteElo "2235"]
[BlackElo "2080"]

1.Nf3 Nf6 2.d4 g6 3.c4 Bg7 4.Nc3 O-O 5.e4 d6 6.Be2 e5 7.O-O Nc6 8.d5 Ne7
9.Ne1 Nd7 10.Be3 f5 11.f3 f4 12.Bf2 g5 13.b4 Ng6 14.c5 Nf6 15.a4 Rf7 16.a5 Bf8
17.c6 h5 18.Bb5 g4 19.cxb7 Bxb7 20.a6 Bc8 21.Bc6 g3 22.Bxa8 gxf2+ 23.Rxf2 Bxa6
24.Bc6 Bc8 25.Rxa7 Bg4 26.Qa4 Rg7 27.Kf1 Nh7 28.Qa5 Nh4 29.fxg4 hxg4 30.g3 Nf3
31.Ra8 Qf6 32.Ke2 fxg3 33.hxg3 Rf7 34.Nxf3 gxf3+ 35.Kd3 Qg5 36.Qa1 Qxg3 37.Qf1 Ng5
38.Be8 Rf4 39.Bh5 Kh7 40.Rc8 Kh6 41.Be8 Nh3 42.Nd1 Be7 43.Bd7 Nxf2+ 44.Qxf2 Qg6
45.Qh2+ Bh4 46.Nf2 Qg3 47.Qxg3 Bxg3 48.Ng4+ Kg7 49.Ne3 Bf2 50.Rxc7  1-0

[Event "Hollabrunn opJ"]
[Site "Hollabrunn"]
[Date "1998.??.??"]
[Round "9"]
[White "Mirzoev, Azer"]
[Black "Gouliev, Sarkhan"]
[Result "1-0"]
[WhiteElo "2445"]
[BlackElo "2230"]

1.d4 Nf6 2.Nf3 g6 3.c4 Bg7 4.Nc3 O-O 5.e4 d6 6.Be2 e5 7.O-O Nc6 8.Be3 exd4
9.Nxd4 Re8 10.f3 Nh5 11.f4 Nf6 12.Bf3 Bg4 13.Nxc6 Bxf3 14.Qxf3 bxc6 15.Rae1 Qd7
16.f5 gxf5 17.exf5 d5 18.Rd1 Qe7 19.Bd4 Qb4 20.Qg3 Kh8 21.Qxc7 Qxc4 22.Qxf7 Rf8
23.Qe7 a5 24.Qe2 Qxe2 25.Nxe2 Rae8 26.Nf4 Re4 27.Ne6 Rc8 28.Nc5 Re2 29.Ne6 Re4
30.h3 h5 31.Ng5 Re2 32.Ne6 Re4 33.Nc5 Re2 34.Ne6 Re4 35.Rf2 Kg8 36.Rc2 Bh8
37.Rd3 h4 38.Ra3 Re1+ 39.Kf2 Rxe6 40.fxe6 Ne4+ 41.Ke3 Bxd4+ 42.Kxd4 Nd6 43.Rxa5 Kf8
44.Ke5 Ne4 45.Rxd5 Re8 46.Kxe4  1-0

[Event "HUN-chT29899"]
[Site "HUN"]
[Date "1998.??.??"]
[Round "?"]
[White "Szilagyi, Peter"]
[Black "Horvath, Gabor"]
[Result "1-0"]
[WhiteElo "2400"]
[BlackElo "2245"]

1.d4 Nf6 2.c4 g6 3.Nc3 Bg7 4.e4 d6 5.Be2 O-O 6.Nf3 e5 7.O-O Nc6 8.d5 Ne7
9.b4 Nh5 10.Re1 f5 11.Ng5 Nf4 12.Bxf4 exf4 13.Rc1 Bf6 14.Ne6 Bxe6 15.dxe6 Bxc3
16.Rxc3 fxe4 17.Bf1 Rf5 18.Rxe4 Qf8 19.b5 Qf6 20.Ra3 Re5 21.Qf3 Rf5 22.h3 g5
23.Re1 c6 24.bxc6 bxc6 25.Qh5 Re5 26.Rxe5 dxe5 27.Bd3 h6 28.h4 gxh4 29.Bc2 Qxe6
30.Ra5 Kh8 31.Rxe5 Qf6 32.Qe2 Ng6 33.Re6 f3 34.Qe3 Qa1+ 35.Kh2  1-0

[Event "HUN-chT2 9798"]
[Site "HUN"]
[Date "1998.??.??"]
[Round "?"]
[White "Berebora, Ferenc"]
[Black "Deak, Sandor"]
[Result "1-0"]
[WhiteElo "2390"]
[BlackElo "2325"]

1.Nf3 Nf6 2.c4 g6 3.Nc3 Bg7 4.e4 d6 5.d4 O-O 6.Be2 e5 7.O-O Nc6 8.d5 Ne7
9.b4 Ne8 10.c5 h6 11.Nd2 f5 12.a4 f4 13.Bg4 Bxg4 14.Qxg4 Kh7 15.Ba3 g5 16.Qe2 Rf6
17.f3 h5 18.Nc4 Rg6 19.b5 b6 20.cxd6 cxd6 21.Na2 g4 22.Nb4 Bf6 23.fxg4 hxg4
24.g3 f3 25.Qd3 Bg5 26.Bc1 Ng8 27.Nc6 Qf6 28.Bxg5 Qxg5 29.a5 bxa5 30.b6 axb6
31.Nxb6 Rd8 32.Rxa5 Rh6 33.Ra7+ Ng7 34.Nxd8 Qxd8 35.Qe3 Nf6 36.Rc1 Qe8 37.Rcc7 Rg6
38.Nd7 Ng8 39.Rab7 Qd8 40.Qc1 Qg5  1-0

[Event "HUN-chT2 9798"]
[Site "HUN"]
[Date "1998.??.??"]
[Round "?"]
[White "Mate, Balazs"]
[Black "Ferenczi, Csaba"]
[Result "1/2-1/2"]
[WhiteElo "2110"]
[BlackElo "2155"]

1.d4 Nf6 2.c4 g6 3.Nc3 Bg7 4.e4 O-O 5.Nf3 d6 6.Be2 e5 7.O-O Nc6 8.d5 Ne7
9.b4 Ne8 10.Nd2 f5 11.f3 f4 12.a4 g5 13.c5 h5 14.Nc4 Ng6 15.Ba3 Rf7 16.cxd6 cxd6
17.a5 Bf8 18.b5 Rg7 19.Na2 Nh4 20.Kh1 g4 21.fxg4 hxg4 22.g3 fxg3 23.hxg3 Qg5
24.Qe1 Ng6 25.Kg2 Nf4+ 26.gxf4 exf4 27.Bc1 Rf7 28.Bxf4 Rxf4 29.Qd2 Bh6 30.Qxf4 Qxf4
31.Rxf4 Bxf4 32.Rf1 Bg5 33.Kg3 Bd7 34.b6 axb6 35.Nxb6 Rxa5 36.Nxd7 Rxa2 37.Rf8+ Kg7
38.Rxe8 Rxe2 39.Kxg4 Kf7 40.Re6 Be7 41.Nb6 Rg2+ 42.Kf4 Rf2+ 43.Ke3 Rf6 44.Rxf6+ Bxf6
45.Kd3 Ke8 46.Kc4 Bd8 47.Kb5 Ke7 48.Nc4 Bc7 49.Na3 Kf6 50.Kc4 Ke5 51.Kd3 Kf4
52.Nb5 Bb8 53.Kd4 Kg5 54.Ke3 Kg4 55.Kd3 Kf3 56.Nd4+ Kf4 57.Ne6+ Ke5 58.Nd8 Kf6
59.Nxb7 Bc7 60.Kd4 Bb6+ 61.Kc4 Ke5 62.Kb5 Kxe4 63.Kc6 Bc7 64.Nxd6+ Ke5 65.Nc4+ Kd4
66.Ne3 Bf4 67.Nf5+ Ke4 68.Ne7 Kd4 69.Ng6 Bh2 70.Nh4 Bf4 71.Nf5+ Ke5 72.Nd6 Kd4
73.Nb5+ Ke4 74.Kc5 Bh2 75.Kc4 Be5 76.Nc3+  1/2-1/2

[Event "HUN-chT29899"]
[Site "HUN"]
[Date "1998.??.??"]
[Round "?"]
[White "Somogyi, Istvan"]
[Black "Valis, Janos"]
[Result "1/2-1/2"]
[WhiteElo "2225"]
[BlackElo "2165"]

1.d4 Nf6 2.c4 g6 3.Nc3 Bg7 4.e4 d6 5.Be2 Nc6 6.Nf3 O-O 7.O-O e5 8.d5 Ne7
9.Ne1 Nd7 10.Nd3 f5 11.f4 fxe4 12.Nxe4 Nf5 13.Ng5 Nc5 14.fxe5 Nxd3 15.Bxd3 Bxe5
16.Nf3 Bf6 17.Rb1  1/2-1/2

[Event "HUN-chT9899"]
[Site "HUN"]
[Date "1998.??.??"]
[Round "?"]
[White "Csiszar, Csaba"]
[Black "Grabics, Monika"]
[Result "1/2-1/2"]
[WhiteElo "2410"]
[BlackElo "2355"]

1.d4 Nf6 2.c4 g6 3.Nc3 Bg7 4.e4 d6 5.Be2 O-O 6.Nf3 e5 7.O-O Nc6 8.d5 Ne7
9.Ne1 Nd7 10.Nd3 f5 11.f3 a5 12.a3 f4 13.g4 h5 14.h3 Kf7 15.Kg2 Rh8 16.Rh1 g5
17.Bd2 Ng6 18.Be1 Nb6 19.b3 hxg4 20.hxg4 Rxh1 21.Kxh1 Bd7 22.Kg2 Qf6 23.Bf2 Rh8
24.Qc2 Nh4+ 25.Bxh4 Rxh4 26.Nf2 Qh6 27.Rh1 Rxh1 28.Nxh1 Nc8 29.Nb5 c6 30.dxc6 bxc6
31.Nc3 Ne7 32.Qd2 Ng6 33.Na4 Bf8 34.Qd3 Ke8 35.c5 Bxg4 36.Nf2 Bd7 37.Nb6 g4
38.Nxd7 Nh4+ 39.Kf1 gxf3 40.Bxf3 Nxf3 41.Qxf3  1/2-1/2

[Event "HUN-chT29899"]
[Site "HUN"]
[Date "1998.??.??"]
[Round "?"]
[White "Bordas, Gyula"]
[Black "Krisztian, Gabor"]
[Result "1/2-1/2"]
[WhiteElo "2165"]
[BlackElo "2155"]

1.c4 Nf6 2.Nc3 g6 3.e4 d6 4.d4 Bg7 5.Be2 O-O 6.Nf3 Nc6 7.O-O e5 8.d5 Ne7
9.Ne1 Nd7 10.f3 f5 11.g4 fxg4 12.fxg4 Rxf1+ 13.Bxf1 Nf6 14.h3 c5 15.Be3 Bd7
16.Nd3 a5 17.b3 Nc8 18.a3 Nb6 19.Nf2 Ra6 20.Rb1 Na8 21.b4 axb4 22.axb4 b6
23.Nd3 Qc8 24.Be2 Ra3 25.Rb3 Qa6 26.bxc5 bxc5 27.Rb8+ Ne8 28.Nb1 Ra2 29.Kf1 Ba4
30.Qe1 Qa7 31.Rb2 Rxb2 32.Nxb2 Bc2 33.Nc3 Qa3 34.Nbd1 Qb3 35.Qh4 Nf6 36.g5 Ne8
37.Qg4 Nb6 38.Kf2 Nxc4 39.Qd7 Kf8 40.Bg4 Qb8 41.Be6 Qc7 42.Qb5 Na5 43.Bd7 Bd3
44.Qa4 Bc2 45.Qb5 Bd3  1/2-1/2

[Event "HUN-chT 9798"]
[Site "Hungary"]
[Date "1998.??.??"]
[Round "?"]
[White "Sinkovics, Peter"]
[Black "Toth, Andras"]
[Result "1-0"]
[WhiteElo "2405"]
[BlackElo "2245"]

1.d4 Nf6 2.Nf3 g6 3.c4 Bg7 4.Nc3 O-O 5.e4 d6 6.Be2 e5 7.O-O Nc6 8.d5 Ne7
9.b4 Nh5 10.Re1 a5 11.Ba3 axb4 12.Bxb4 Nf4 13.Bf1 f5 14.g3 fxe4 15.Nxe4 Nh3+
16.Bxh3 Bxh3 17.Nfg5 Bf5 18.c5 c6 19.dxc6 Nxc6 20.cxd6 h6 21.Qb3+ Kh8 22.Nf3 Bxe4
23.Rxe4 Nxb4 24.Nh4 Qf6 25.Nxg6+ Qxg6 26.Qxb4 Qf5 27.Re2 Qf3 28.Rae1 Ra3
29.Rd2 Rd3 30.Rxd3 Qxd3 31.Qxb7 Qxd6 32.Qe4 Qd4 33.Re2 Rc8 34.Kg2 Qxe4+ 35.Rxe4 Rc2
36.a4 Kh7 37.g4 Kg6 38.h4 Bf6 39.Kg3 Be7 40.f4 exf4+ 41.Kxf4 Bxh4 42.Re6+ Bf6
43.Ra6 Rc4+ 44.Kf3 Kf7 45.Ra8 Bg5 46.a5 Rf4+ 47.Kg3 Ra4 48.Kf3 Bf6 49.a6 Be5
50.Ra7+ Kg6 51.Ra8 Bd4 52.Rd8 Bf6 53.Ra8 Be7 54.Rg8+ Kf7 55.Ra8 Bf8 56.Kg3 Bc5
57.Kf3 Bg1 58.Kg3 Ke7 59.Kf3 Kd7 60.Rg8 Ra5 61.g5 hxg5 62.Kg4 Be3 63.a7 Bxa7
64.Rxg5 Ra4+  1-0

[Event "HUN-chT 9798"]
[Site "Hungary"]
[Date "1998.??.??"]
[Round "?"]
[White "Peter, Ambrus"]
[Black "Kahn, Evarth"]
[Result "1-0"]
[WhiteElo "2455"]
[BlackElo "2370"]

1.d4 Nf6 2.c4 g6 3.Nc3 Bg7 4.e4 d6 5.Be2 O-O 6.Nf3 e5 7.O-O Nc6 8.d5 Ne7
9.Nd2 a5 10.Rb1 Nd7 11.a3 f5 12.b4 Kh8 13.f3 Ng8 14.Qc2 axb4 15.axb4 Ndf6
16.c5 Nh5 17.g3 Nhf6 18.Nc4 fxe4 19.fxe4 Bh3 20.Rf3 Bh6 21.b5 Nd7 22.b6 Rxf3
23.Bxf3 Bxc1 24.Rxc1 Nxc5 25.bxc7 Qxc7 26.Nb5 Qf7 27.Bg2 Bxg2 28.Nbxd6 Qf6
29.Kxg2 Nh6 30.Rf1 Qe7 31.Qb2 Nd7 32.Qxb7 Rb8 33.Qc7 Kg7 34.Nxe5 Qxe5 35.Qxd7+ Kh8
36.Qe6 Qd4 37.Kh1 Qd3 38.Nf7+ Nxf7 39.Qf6+ Kg8 40.Qxf7+ Kh8 41.Qf6+ Kg8 42.Qe6+ Kg7
43.Qe5+ Kh6 44.Qf4+ Kg7 45.Qf7+ Kh8 46.Qf3 Qxf3+ 47.Rxf3 Rb1+ 48.Kg2 Re1
49.d6 Kg7 50.Rd3  1-0

[Event "HUN-chT 9798"]
[Site "Hungary"]
[Date "1998.??.??"]
[Round "?"]
[White "Kocsis, Laszlo"]
[Black "Glatt, Gabor"]
[Result "1-0"]
[WhiteElo "2130"]
[BlackElo "2300"]

1.c4 Nf6 2.Nf3 g6 3.Nc3 Bg7 4.e4 d6 5.d4 O-O 6.Be2 e5 7.O-O Nc6 8.d5 Ne7
9.Ne1 Nd7 10.Nd3 f5 11.Bd2 Nf6 12.f3 f4 13.g4 h5 14.g5 Nh7 15.h4 Nxg5 16.hxg5 Nf5
17.Rf2 Qxg5+ 18.Rg2 Ng3 19.Nf2 Qe7 20.Rh2 Qg5 21.Rg2 Qe7 22.Bf1 Rf7 23.Rh2 Bf6
24.Bh3 Rg7 25.Nh1 Bh4 26.Bxc8 Rxc8 27.Be1 g5 28.Nxg3 fxg3 29.Rg2 g4 30.Bxg3 Bxg3
31.Rxg3 Qh4 32.Kg2 Rf8 33.fxg4 Rf4 34.Qh1 Qxg3+ 35.Kxg3 Rgxg4+ 36.Kh2 Rh4+
37.Kg1  1-0

[Event "HUN-chT 9798"]
[Site "Hungary"]
[Date "1998.??.??"]
[Round "?"]
[White "Dumitrache, Dragos"]
[Black "Gross, David"]
[Result "1-0"]
[WhiteElo "2495"]
[BlackElo "2360"]

1.d4 Nf6 2.c4 g6 3.Nc3 Bg7 4.e4 d6 5.Be2 O-O 6.Nf3 e5 7.O-O Nc6 8.d5 Ne7
9.b4 Nh5 10.Re1 h6 11.Nd2 Nf4 12.Bf1 f5 13.c5 fxe4 14.Ndxe4 Nf5 15.Ba3 Rf7
16.g3 Nh5 17.Bg2 Nf6 18.b5 Ne8 19.Bb4 Nd4 20.a4 b6 21.c6 a5 22.bxa6 Bxa6
23.a5 bxa5 24.Rxa5 Bc4 25.Rxa8 Qxa8 26.Qb1 Qa6 27.Qa1 Qc8 28.Qa7 Qf5 29.Ba5 Bd3
30.Re3 Bxe4 31.Nxe4 Nf6 32.Qb8+ Rf8 33.Nxf6+ Bxf6 34.Qb2 e4 35.Bxe4 Qxe4
36.Rxe4 Nf3+ 37.Kg2 Bxb2 38.Bxc7 Ng5 39.Re3 Nf7 40.Re6 Ba3 41.Rxg6+ Kh7 42.Re6 Bc5
43.Ba5 Ne5 44.f4 Nc4 45.Re7+ Kg8 46.Bc3 Ne3+ 47.Kf3 Nxd5 48.Rg7+ Kh8 49.Bb2 Nb6
50.c7 d5 51.Rg6+ Kh7 52.Rc6 Bg1 53.Rc1 Bxh2 54.Kg2 Bxg3 55.Kxg3 Nc4 56.Bf6 Rc8
57.Bd8 Kg6 58.Rd1 Ne3 59.Rb1 Kf7 60.Rb6 h5 61.Kf3 Nc4 62.Rh6 Ra8 63.Rxh5 Ra3+
64.Ke2 Nb6 65.Rxd5  1-0